Theological Word Book of the Bible (Record no. 6264)

MARC details
000 -LEADER
fixed length control field 00607nam a2200253 a 4500
020 ## - INTERNATIONAL STANDARD BOOK NUMBER
ISBN
082 00 - DEWEY DECIMAL CLASSIFICATION NUMBER
Classification number 230.3
Author Cutter RIC
100 ## - MAIN ENTRY--AUTHOR NAME
Author name Richardson, A
245 ## - TITLE STATEMENT
Title Theological Word Book of the Bible
260 ## - PUBLICATION, DISTRIBUTION, ETC. (IMPRINT)
Place of publication London
Name of publisher Scm Press
Year of publication 1951
300 ## - PHYSICAL DESCRIPTION
Number of Pages 290p
500 ## - GENERAL NOTE
General note includes index and biblioraphy
505 2# - FORMATTED CONTENTS NOTE
Formatted contents note Indices
650 ## - SUBJECT ADDED ENTRY--TOPICAL TERM
Topical Term Dictionary-Bible
650 ## - SUBJECT ADDED ENTRY--TOPICAL TERM
Topical Term Theology-Dictionary
942 ## - ADDED ENTRY ELEMENTS (KOHA)
Koha item type Books
700 1# -
-- Richardson, A
Holdings
Collection code Home library Current library Date acquired Cost, normal purchase price Full call number Accession Number Koha item type
  Henry Martyn Institute Library Henry Martyn Institute Library 06/14/2007 100.00 230.3 RIC 014474 Books
                   Copyright © 2026 | Henry Martyn Institute | Hyderabad | TS-500052 | INDIA | Implemented by hmi.edu.in
Hit-Count:

Powered by Koha